|
|
|
|
| LEADER |
00000cam a2200000 7i4500 |
| 001 |
0000001231 |
| 005 |
20140315.0 |
| 090 |
0 |
0 |
|a R333.951609595
|b ASS 1967
|
| 245 |
0 |
0 |
|a ASSESSMENT of biological diversity in Malaysia
|
| 260 |
0 |
0 |
|a Kuala Lumpur :
|b Kementerian Sains, Teknologi dan Alam Sekitar ,
|c 1967
|
| 300 |
|
|
|a xv, 185 p. :
|b col. ill., maps ;
|c 30 cm.
|
| 440 |
0 |
0 |
|a Malaysia : country study on biological diversity
|
| 500 |
0 |
0 |
|a Bibliography ; [p. 157-161]
|
| 650 |
0 |
0 |
|a Biological diversity conservation
|
| 650 |
0 |
0 |
|a Biological diversity
|z Malaysia
|
| 651 |
0 |
0 |
|a Malaysia
|x Biological diversity
|
| 700 |
0 |
1 |
|a Malaysia ,
|c Kementerian Sains, Teknologi dan Alam Sekitar
|
| 998 |
|
|
|a JPSM
|
| 999 |
|
|
|a 0000002428
|b Monograph
|c Reference
|e Default branch
|
| 999 |
|
|
|a 0000003127
|b Monograph
|c Open Shelf
|e Default branch
|
| 999 |
|
|
|a 0000003291
|b Monograph
|c Reference
|e Default branch
|